| 000 | 00738nam a2200265Ia 4500 | ||
|---|---|---|---|
| 003 | OSt | ||
| 005 | 20221006153731.0 | ||
| 006 | a|||||r|||| 00| 0 | ||
| 007 | ta | ||
| 008 | 221006b |||||||| |||| 00| 0 chi d | ||
| 020 | _a9789570190205 | ||
| 024 | _a33,178 | ||
| 037 |
_bgift, PRC _cAnnuals, Advances |
||
| 040 |
_aEASL _cEASL _bchi |
||
| 041 |
_2chi _achi |
||
| 082 | _aP41,3, P4 | ||
| 100 |
_aWEI pei quan Au. _9665189 |
||
| 245 | 0 | _aHan wei liu chao cheng zi yan jiu | |
| 260 |
_aTaibei _bZhong yang yanjiu yuan, yuyan xue yanjiu _c2004 |
||
| 300 |
_a369p. _ccm. |
||
| 490 | _v CL | ||
| 650 |
_aCL _9642733 |
||
| 942 |
_hP41,3, P4 _cREF _2CC |
||
| 999 |
_c1101264 _d1101264 |
||